Trends in international environmental law / (Record no. 3092)

MARC details
000 -LEADER
fixed length control field 01075nam a2200277 a 4500
001 - CONTROL NUMBER
control field 4408871
003 - CONTROL NUMBER IDENTIFIER
control field OSt
005 - DATE AND TIME OF LATEST TRANSACTION
control field 20230629140112.0
008 - FIXED-LENGTH DATA ELEMENTS--GENERAL INFORMATION
fixed length control field 921215s1992 ilu b 000 0 eng
010 ## - LIBRARY OF CONGRESS CONTROL NUMBER
LC control number 92240063
020 ## - INTERNATIONAL STANDARD BOOK NUMBER
International Standard Book Number 0897077539
040 ## - CATALOGING SOURCE
Original cataloging agency DLC
Transcribing agency DLC
050 00 - LIBRARY OF CONGRESS CALL NUMBER
Classification number K3585.4
Item number .T75 1992
082 00 - DEWEY DECIMAL CLASSIFICATION NUMBER
Classification number 341.7/62
Edition number 20
082 00 - DEWEY DECIMAL CLASSIFICATION NUMBER
Classification number 346.762
Edition number 20
Item number HAR
245 00 - TITLE STATEMENT
Title Trends in international environmental law /
Statement of responsibility, etc. by the editors of the Harvard law review ; foreword by Jay Hair and preface by John Adams.
260 ## - PUBLICATION, DISTRIBUTION, ETC. (IMPRINT)
Place of publication, distribution, etc. [Chicago, Ill.] :
Name of publisher, distributor, etc. American Bar Association, Section of International Law and Practice,
Date of publication, distribution, etc. c1992.
300 ## - PHYSICAL DESCRIPTION
Extent 189 p. ;
Dimensions 23 cm.
504 ## - BIBLIOGRAPHY, ETC. NOTE
Bibliography, etc Includes bibliographical references (p. 177-189).
650 #0 - SUBJECT ADDED ENTRY--TOPICAL TERM
Topical term or geographic name as entry element Environmental law, International.
710 2# - ADDED ENTRY--CORPORATE NAME
Corporate name or jurisdiction name as entry element American Bar Association.
Subordinate unit Section of International Law and Practice.
730 0# - ADDED ENTRY--UNIFORM TITLE
Uniform title Harvard law review.
906 ## - LOCAL DATA ELEMENT F, LDF (RLIN)
a 7
b cbc
c orignew
d 2
e ncip
f 19
g y-gencatlg
942 ## - ADDED ENTRY ELEMENTS (KOHA)
Source of classification or shelving scheme Dewey Decimal Classification
Koha item type Books
Holdings
Withdrawn status Lost status Source of classification or shelving scheme Damaged status Not for loan Home library Current library Date acquired Total Checkouts Full call number Barcode Date last seen Price effective from Koha item type
    Dewey Decimal Classification     County Hall Archives County Hall Archives 06/29/2023   341.7/62 10001977 06/29/2023 06/29/2023 Books
LIBRARY OPENING HOURS

When the Parliament is sitting: 8.00a.m - 7.00p.m or until the house adjourns
Mondays and Fridays and when the House is on Recess:  8.00a.m - 5.00p.m
Closed on Weekends and Public Holidays

Online Public Access Catalog (OPAC)
Website: http://www.parliament.go.ke
Bunge Library: https://libraryir.parliament.go.ke
Contact: library@parliament.go.ke | Tel no: (254-2)2221291 or 2848000 Ext 5043